|
|
|
|
| LEADER |
01109nam a2200373 a 4500 |
| 001 |
000762291 |
| 003 |
CZ BrMZK |
| 005 |
20050315155102.0 |
| 007 |
ta |
| 008 |
050202s2004 xr erl 001 0 cze d |
| 015 |
|
|
|a cnb001500441
|
| 020 |
|
|
|a 80-7175-129-4
|q (brož.)
|
| 035 |
|
|
|a (OCoLC)187295041
|
| 040 |
|
|
|a BOA001
|b cze
|
| 043 |
|
|
|a e-xr---
|
| 072 |
|
7 |
|a 349
|x Pracovní, sociální, stavební právo. Právo životního prostředí
|2 Konspekt
|9 16
|
| 080 |
|
|
|a 349.2
|2 MRF
|
| 080 |
|
|
|a 351.83
|2 MRF
|
| 080 |
|
|
|a (437.3)
|2 MRF
|
| 080 |
|
|
|a (094.5)
|2 MRF
|
| 080 |
|
|
|a (0.072)
|2 MRF
|
| 100 |
1 |
|
|a Brádlerová, Libuše
|7 jx20040831011
|4 aut
|
| 240 |
1 |
0 |
|a Zákoník práce
|
| 245 |
1 |
0 |
|a Zákoník práce :
|b podle stavu k 1.10.2004 /
|c Libuše Brádlerová
|
| 250 |
|
|
|a 4. vyd.
|
| 260 |
|
|
|a Praha :
|b Prospektrum,
|c 2004
|
| 300 |
|
|
|a 240 s. ;
|c 21 cm
|
| 500 |
|
|
|a Obsahuje rejstřík
|
| 650 |
0 |
7 |
|a pracovní právo
|7 ph115872
|z Česko
|2 czenas
|
| 655 |
|
7 |
|a zákony
|7 fd133886
|2 czenas
|
| 655 |
|
7 |
|a komentáře
|7 fd132578
|2 czenas
|
| 910 |
|
|
|a BOA001
|b 2-1146.966
|
| 990 |
|
|
|a BK
|
| 991 |
|
|
|b 200503
|c NOV
|